| 000 | 00714nam a2200253 a 4500 | ||
|---|---|---|---|
| 001 | 11117 | ||
| 003 | BD-RjUL | ||
| 005 | 20211208235055.0 | ||
| 008 | 140126s1964 enka 001 0 eng d | ||
| 020 | _a070165734 | ||
| 035 | _a(BD-RjUL)11166 | ||
| 040 |
_aBD-RjUL _beng _cBD-RjUL _dBD-RjUL |
||
| 041 | _aeng | ||
| 082 | 0 | 0 |
_a551.8 _218 _bSIS 1964 |
| 100 | 1 |
_aSitter, L. U. de _q(Lamoraal Ulbo), _d1902- _934379 |
|
| 245 | 1 | 0 |
_aStructural geology / _cby L.U. de Sitter. |
| 250 | _a2nd ed. | ||
| 260 |
_aLondon : _bMcGraw-Hill, _c1964. |
||
| 300 |
_axii, 551 p. : _bill. ; _c23 cm. |
||
| 504 | _aIncludes index. | ||
| 504 | _aBibliography: p.519-539. | ||
| 650 | 0 |
_aGeology, Structural. _934380 |
|
| 942 |
_2ddc _cBK |
||
| 999 |
_c11117 _d11117 |
||